| 000 | 00984nam a22003137a 4500 | ||
|---|---|---|---|
| 001 | BR0204543 | ||
| 003 | BR-BrBNA | ||
| 005 | 20230928101148.0 | ||
| 007 | ta | ||
| 008 | 230509b bl.||||| |||| 00| 0 por d | ||
| 040 |
_aBR-BrBNA _bpor _cBiblioteca Nacional de Agricultura |
||
| 041 | _a(Por) | ||
| 072 |
_aP33 _b3840 |
||
| 090 | _ 3840 BR0204543 | ||
| 100 | 1 | _aSambatti, J.A. | |
| 110 | 1 |
_aUniversidade Estadual de Maringá, PR (Brasil) _0Tese (Mestre em Agronomia) _910653 |
|
| 245 | 1 | _aAdsorção de fósforo em minerais ferrimagnéticos sintetizados com diferentes graus de substituição isomórfica | |
| 260 | 3 |
_aMaringá, PR (Brasil): _c2000. |
|
| 300 | _a123 p. | ||
| 500 | _aSummaries (Eng, Por); Bibliography p. 95-101; 44 illus. | ||
| 650 | _aFÓSFORO | ||
| 650 | _aFERRO | ||
| 650 | _aMINERAL | ||
| 650 | _aADSORÇÃO | ||
| 650 | _aPROPRIEDADE FÍSICO-QUÍMICA | ||
| 650 | _aMÉTODO ESTATÍSTICO | ||
| 909 |
_a202309 _bLucia _c55 _dLucia Elande |
||
| 942 | _cBK | ||
| 999 |
_c64530 _d64530 |
||